[Event "BI-2011-P-00027"]
[Site "LSS email"]
[Date "2011.04.17"]
[Round "?"]
[White "Salzmann, Stefan"]
[Black "Cherner, Lyle"]
[Result "1-0"]
[WhiteElo "2156"]
[BlackElo "1371"]
[PlyCount "23"]
[EventDate "2011.04.20"]
[EventType "tourn (corr)"]
[EventRounds "10"]
[EventCountry "GER"]
[SourceTitle "Corr 2015"]
[Source "ChessBase"]
[SourceDate "2015.07.17"]
[SourceVersion "1"]
[SourceVersionDate "2015.07.17"]
[SourceQuality "1"]

1. d4 f5 2. g3 Nf6 3. Bg2 g6 4. Nf3 Bg7 5. 0-0 0-0 6. c4 d6 7. Nc3 Qe8 8. d5 a5 9. Rb1 e5 10. dxe6 Qxe6 11. b3 Na6 12. Nd4 1-0

[Event "SD-2011-0-00088"]
[Site "LSS email"]
[Date "2011.03.05"]
[Round "?"]
[White "Kravchenko, Daniil"]
[Black "Cherner, Lyle"]
[Result "1-0"]
[WhiteElo "1589"]
[BlackElo "1331"]
[PlyCount "47"]
[EventDate "2011.02.04"]
[EventType "tourn (corr)"]
[EventRounds "6"]
[EventCountry "GER"]
[SourceTitle "Telechess CBM 151"]
[Source "ChessBase"]
[SourceDate "2012.11.13"]
[SourceVersion "1"]
[SourceVersionDate "2012.11.13"]
[SourceQuality "1"]

1. e4 c5 2. Nf3 d6 3. Bb5+ Nd7 4. d4 Ngf6 5. Nc3 a6 6. Bxd7+ Nxd7 7. dxc5 Nxc5 8. Be3 e6 9. Qd4 Qc7 10. 0-0 b6 11. Nd2 Bb7 12. Rfd1 Rc8 13. Nc4 b5 14. Nxd6+ Bxd6 15. Qxd6 Qxd6 16. Rxd6 Nxe4 17. Nxe4 Bxe4 18. Rxa6 Rxc2 19. Rb6 Kd7 20. Rxb5 Ra8 21. a4 Bc6 22. Rb4 Ra5 23. h3 e5 24. Bb6 1-0

[Event "SD-2011-0-00088"]
[Site "LSS email"]
[Date "2011.03.04"]
[Round "?"]
[White "Cherner, Lyle"]
[Black "Egorov, Vladimir Alekseevic"]
[Result "0-1"]
[WhiteElo "1331"]
[BlackElo "1600"]
[PlyCount "54"]
[EventDate "2011.02.04"]
[EventType "tourn (corr)"]
[EventRounds "6"]
[EventCountry "GER"]
[SourceTitle "Telechess CBM 151"]
[Source "ChessBase"]
[SourceDate "2012.11.13"]
[SourceVersion "1"]
[SourceVersionDate "2012.11.13"]
[SourceQuality "1"]

1. e4 c6 2. d4 d5 3. exd5 cxd5 4. Nf3 Nf6 5. Bd3 Bg4 6. 0-0 Nc6 7. c3 e6 8. Qb3 a6 9. Ne5 Nxe5 10. dxe5 Nd7 11. Qxb7 Be7 12. b4 Nxe5 13. Bxa6 0-0 14. a4 Bc5 15. Qb5 Bd6 16. Re1 Bf5 17. Qe2 Rxa6 18. Qxa6 Bd3 19. Qa7 Qh4 20. h3 Ng4 21. Qd4 Bh2+ 22. Kh1 Be4 23. Nd2 Be5 24. Rxe4 dxe4 25. Nf3 Bxd4 26. Nxh4 Nxf2+ 27. Kh2 Bxc3 0-1

[Event "SD-2011-0-00088"]
[Site "LSS email"]
[Date "2011.03.03"]
[Round "?"]
[White "Cherner, Lyle"]
[Black "Bontems, Cyrille"]
[Result "0-1"]
[WhiteElo "1331"]
[BlackElo "1551"]
[PlyCount "44"]
[EventDate "2011.02.04"]
[EventType "tourn (corr)"]
[EventRounds "6"]
[EventCountry "GER"]
[SourceTitle "Telechess CBM 151"]
[Source "ChessBase"]
[SourceDate "2012.11.13"]
[SourceVersion "1"]
[SourceVersionDate "2012.11.13"]
[SourceQuality "1"]

1. e4 c5 2. Nf3 e6 3. d4 cxd4 4. Nxd4 Nc6 5. Nc3 Qc7 6. Be2 a6 7. 0-0 Nf6 8. Be3 Bb4 9. Na4 Be7 10. Bd3 0-0 11. Nxc6 bxc6 12. Bb6 Qb8 13. f4 d6 14. Bf2 c5 15. Qf3 Bb7 16. Rae1 Bc6 17. b3 Qb7 18. Nb2 d5 19. e5 Ne4 20. Bxe4 dxe4 21. Qe2 Rfd8 22. Nc4 a5 0-1

[Event "OP-2011-0-01417"]
[Site "LSS email"]
[Date "2011.02.23"]
[Round "?"]
[White "Cherner, Lyle"]
[Black "Zalascek, Vlado"]
[Result "0-1"]
[WhiteElo "1331"]
[BlackElo "1499"]
[PlyCount "76"]
[EventDate "2011.02.19"]
[EventType "tourn (corr)"]
[EventRounds "4"]
[EventCountry "GER"]
[SourceTitle "Telechess CBM 147"]
[Source "ChessBase"]
[SourceDate "2012.03.16"]
[SourceVersion "1"]
[SourceVersionDate "2012.03.16"]
[SourceQuality "1"]

1. e4 e6 2. d4 d5 3. e5 c5 4. c3 Nc6 5. Nf3 Qb6 6. a3 Bd7 7. b4 cxd4 8. cxd4 Rc8 9. Be3 a5 10. b5 Nce7 11. Bd3 Nf5 12. 0-0 Nxe3 13. fxe3 Nh6 14. Qd2 Be7 15. Nc3 0-0 16. Rfc1 Qa7 17. Qe1 Kh8 18. e4 dxe4 19. Qxe4 g6 20. Qf4 Nf5 21. Na4 Kg8 22. b6 Rxc1+ 23. Rxc1 Qb8 24. Nc5 Bc6 25. Be4 Rc8 26. Rc3 Nxd4 27. Nxd4 Be8 28. Ndb3 a4 29. Nxa4 Bxa4 30. Rf3 Be8 31. a4 Rc4 32. a5 Qd8 33. Qe3 Ba4 34. Rf1 Bxb3 35. Kh1 Bg5 36. Qf3 Qf8 37. h3 Kg7 38. Kh2 Ra4 0-1

[Event "SD-2011-0-00087"]
[Site "LSS email"]
[Date "2011.02.23"]
[Round "?"]
[White "Korovin, Sergei"]
[Black "Cherner, Lyle"]
[Result "1-0"]
[WhiteElo "1495"]
[BlackElo "1371"]
[PlyCount "25"]
[EventDate "2011.01.27"]
[EventType "tourn (corr)"]
[EventRounds "6"]
[EventCountry "GER"]
[SourceTitle "Corr 2015"]
[Source "ChessBase"]
[SourceDate "2015.07.17"]
[SourceVersion "1"]
[SourceVersionDate "2015.07.17"]
[SourceQuality "1"]

1. Nf3 d5 2. d4 Nf6 3. e3 Bf5 4. Be2 e6 5. 0-0 Bd6 6. Nh4 Bg6 7. c4 dxc4 8. Bxc4 Nc6 9. Nxg6 hxg6 10. h3 Qe7 11. Bb5 Qd7 12. Qa4 a6 13. Bxc6 1-0

[Event "CFriend CP-2005-P-00047"]
[Site "Chessfriend.com"]
[Date "2005.10.01"]
[Round "1"]
[White "Daelemans, Hugo"]
[Black "Cherner, Lyle"]
[Result "1-0"]
[WhiteElo "816"]
[BlackElo "1577"]
[PlyCount "21"]
[EventDate "2005.??.??"]
[EventType "tourn (corr)"]
[EventRounds "6"]
[SourceTitle "Corr 2024"]
[Source "ChessBase"]
[SourceDate "2023.10.19"]
[SourceVersion "1"]
[SourceVersionDate "2023.10.19"]
[SourceQuality "1"]

1. e4 c5 2. Nf3 d6 3. d4 cxd4 4. Nxd4 Nf6 5. Nc3 g6 6. Be3 Bg7 7. f3 0-0 8. Qd2 Nc6 9. 0-0-0 Qa5 10. Nb3 Qc7 11. Kb1 1-0